000 00555nam a2200205Ia 4500
005 20250508165138.0
008 008 250505s9999 xx 000 0 eng d
020 _a978-0-415-69378-3
037 _aReference
040 _aFEDL
_beng
_cFEDL
041 _aeng
_2eng
084 _a315.4, IND/RR
_qFEDL
245 0 _aIndia 2012: A reference annual
245 0 _cIndia
260 _aNew Delhi, India
_bPublication Division
_c2012
300 _a1401p.
365 _aINR
_b345
942 _cREF
_h315.4, IND/RR
999 _c1393416
_d1393416